01170nam a2200253 i 4500001000300000245031100003260004100314300002800355490002700383500005100410504002600461650003100487700002900518710005700547710005400604710005000658830002100708020001500729040000800744041001500752080001000767008004100777856009800818bg00aPrace słuchaczy seminarium doktoranckiego prowadzonego przez Centrum Europejskie Politechniki Częstochowskiej i Wydział Zarządzania Uniwersytetu Łódzkiego /cpod red. nauk. Wandy Błaszczyk ; Wydział Zarządzania Politechnki Częstochowskiej. Centrum Europejskie Politechniki Częstochowskiej. aCzęstochowa :bWydaw. WZPC,c2001. a134 s. :bil. ;c24 cm.1 aZeszyt Naukowy ;vnr 1 aTekst częściowo niem. Streszcz. pol., ang. aBibliogr. po pracach. 9aZarządzaniexzagadnienia1 aBŁASZCZYK, Wanda.eRed. 0aPolitechnika CzęstochowskabWydział Zarządzania 0aPolitechnika CzęstochowskabCentrum Europejskie 0aUniwersytet ŁódzkibWydział Zarządzania aZeszyt Naukowy ; a838846955X cBPKw apldebplen a65.01 s pl f |000 0 pol  uhttp://koha.tu.koszalin.pl/cgi-bin/koha/opac-detail.pl?biblionumber=42161yKatalog online BPK